LIBRARY ONLINE CATALOGUE

Zanzibar : (Record no. 13414)

MARC details
000 -LEADER
fixed length control field 00668nam a22002052 4500
001 - CONTROL NUMBER
control field 0000011923
005 - DATE AND TIME OF LATEST TRANSACTION
control field 20151217155848.0
008 - FIXED-LENGTH DATA ELEMENTS--GENERAL INFORMATION
fixed length control field 090121s xx 000 0 eng d
040 ## - CATALOGING SOURCE
Original cataloging agency KABU
Transcribing agency KABU
100 1# - MAIN ENTRY--PERSONAL NAME
Personal name Burton, Richard Francis.
-- 0000149408
245 10 - TITLE STATEMENT
Title Zanzibar :
Remainder of title city, island and coast /
Statement of responsibility, etc. Richard Francis Burton.
250 ## - EDITION STATEMENT
Edition statement 1st ed.
260 ## - PUBLICATION, DISTRIBUTION, ETC. (IMPRINT)
Place of publication, distribution, etc. London :
Name of publisher, distributor, etc. Tinsley Brothers,
Date of publication, distribution, etc. 1872.
300 ## - PHYSICAL DESCRIPTION
Extent 2 v.
651 #0 - SUBJECT ADDED ENTRY--GEOGRAPHIC NAME
Geographic name Zanzibar
General subdivision History.
-- 0000148679
852 1# - LOCATION
-- p500 KES
852 1# - LOCATION
-- p500 KES
908 ## - PUT COMMAND PARAMETER (RLIN)
Put command parameter 090121
950 ## - LOCAL HOLDINGS (RLIN)
-- 1
Holdings
Withdrawn status Lost status Source of classification or shelving scheme Not for loan Home library Current library Date acquired Total Checkouts Full call number Barcode Date last seen Price effective from Koha item type
    Library of Congress Classification   Kabarak, Main Campus Kabarak, Main Campus 17/12/2015   DT449 .Z27B87 1872 v. I c. 1 16252 17/12/2015 17/12/2015 Africana Collection
    Library of Congress Classification   Kabarak, Main Campus Kabarak, Main Campus 17/12/2015   DT449 .Z27B87 1872 v. II c. 1 16253 17/12/2015 17/12/2015 Africana Collection